00504 2200193 4500001002100000005001700021006001900038008004100057020001800098035002500116041000700141082001100148090001100159100001700170245005100187260003000238300002400268650001800292INLIS00000000000000620140307110905.0a ||| | 180719| ||| | id  a979-794-004-7 a0010-031300000000006 aid0 a006.76 a006.760 aYayan Sopyan00aMembuat musik digital : dengan MODPlug tracker aJakartabMedia Kitac2006 aviii, 76 hal, 23 cm 0amusik digital